South-Western mathematics of money
Bewaard in:
| Hoofdauteur: | |
|---|---|
| Formaat: | Boek |
| Taal: | Undetermined |
| Gepubliceerd in: |
Cincinnati, OH
South-Western Pub. Co.
1992
|
| Onderwerpen: | |
| Tags: |
Voeg label toe
Geen labels, Wees de eerste die dit record labelt!
|
| Thư viện lưu trữ: | Trung tâm Học liệu Trường Đại học Cần Thơ |
|---|
| LEADER | 00609nam a2200193Ia 4500 | ||
|---|---|---|---|
| 001 | CTU_109865 | ||
| 008 | 210402s9999 xx 000 0 und d | ||
| 082 | |a 332.024 | ||
| 082 | |b C622 | ||
| 100 | |a Clayton, Cheryl | ||
| 245 | 0 | |a South-Western mathematics of money | |
| 245 | 0 | |c Cheryl Clayton | |
| 260 | |a Cincinnati, OH | ||
| 260 | |b South-Western Pub. Co. | ||
| 260 | |c 1992 | ||
| 650 | |a Finance, personal,Mathematics,Consumer education | ||
| 650 | |x Study and teaching (secondary),Study and teaching (secondary) | ||
| 904 | |i Năm, Q. Hieu | ||
| 980 | |a Trung tâm Học liệu Trường Đại học Cần Thơ | ||